<?xml version="1.0" encoding="UTF-8"?>
<record
    xmlns:xsi="http://www.w3.org/2001/XMLSchema-instance"
    xsi:schemaLocation="http://www.loc.gov/MARC21/slim http://www.loc.gov/standards/marcxml/schema/MARC21slim.xsd"
    xmlns="http://www.loc.gov/MARC21/slim">

  <leader>02648nam a22003617a 4500</leader>
  <datafield tag="999" ind1=" " ind2=" ">
    <subfield code="c">21908</subfield>
    <subfield code="d">21908</subfield>
  </datafield>
  <controlfield tag="003">AR-CdUCM</controlfield>
  <controlfield tag="008">190425b           ||||| |||| 00| 0 spa d</controlfield>
  <datafield tag="040" ind1=" " ind2=" ">
    <subfield code="a">MUNICIPALIDAD PROVINCIAL DEL CUSCO</subfield>
    <subfield code="c">BIBLIOTECA MUNICIPAL DEL CUSCO</subfield>
  </datafield>
  <datafield tag="082" ind1=" " ind2=" ">
    <subfield code="a">Rev.MA/N&#xB0;3/2000</subfield>
  </datafield>
  <datafield tag="110" ind1=" " ind2=" ">
    <subfield code="a">Universidad Nacional De San Antonio Abad del Cusco</subfield>
    <subfield code="9">15942</subfield>
  </datafield>
  <datafield tag="245" ind1=" " ind2=" ">
    <subfield code="a">Maestros Antonianos I /</subfield>
    <subfield code="c">Universidad Nacional de San Antonio Abad del Cusco</subfield>
  </datafield>
  <datafield tag="260" ind1=" " ind2=" ">
    <subfield code="a">Cusco :</subfield>
    <subfield code="b">UNSAAC,</subfield>
    <subfield code="c">2000.</subfield>
  </datafield>
  <datafield tag="300" ind1=" " ind2=" ">
    <subfield code="a">262 p&#xE1;ginas. :</subfield>
    <subfield code="c">25 cm.</subfield>
  </datafield>
  <datafield tag="440" ind1=" " ind2=" ">
    <subfield code="a">Ediciones Especiales UNSAAC</subfield>
    <subfield code="n">Siglo XX. N&#xB0;3</subfield>
    <subfield code="9">46786</subfield>
  </datafield>
  <datafield tag="505" ind1=" " ind2=" ">
    <subfield code="a">Contenido: Antonio Lorena. Sepelio del Dr. Antonio Lorena. -- La medicina y la trepanaci&#xF3;n incanas. -- Estado social del Cuzco. -- Etiolog&#xED;a del bocio y cretinismo. -- Apuntes para un estudio de climatolog&#xED;a. -- Algunos materiales para la Antropolog&#xED;a del Cuzco. -- Cronolog&#xED;a geol&#xF3;gica y arqueolog&#xED;a regional. -- La inmigraci&#xF3;n de los vegetales en la secci&#xF3;n occidental del Cuzco. -- Fortunato L. Herrera. -- Historia de Monasterios. Santa Clara, Santa Catalina, Santa Teresa, Beaterios, Nazarenas, El Carmen, Santa Rosa. -- Nomenclatura ind&#xED;gena de las plantas. Flora Cuzcoensis. -- Miguel Corasao. Aguas Selenitosas del Cuzco. -- Alberto A. Giesecke. Informe sobre el censo levantado en la provincia del Cuzco el 10 de setiembre de 1912. -- El Cuzco como uno de los centros industriales de la Sierra del Per&#xFA;. -- Luis E. Valc&#xE1;rcel. La cuesti&#xF3;n agraria en el Cuzco. -- Jos&#xE9; Gabriel Cosi&#xF3;. Informe de los trabajos cient&#xED;ficos de la expedici&#xF3;n de la Universidad de Yale 1913. -- Una campana hist&#xF3;rica La Mar&#xED;a Angola. -- Jos&#xE9; Uriel Garc&#xED;a. Pueblos y paisajes sur peruanos. -- El Corpus del Cusco. -- Taitacha Temblores. -- Cruz Velacuy. -- San Sebasti&#xE1;n. -- San Bartolom&#xE9; de Tinta. -- Francisco Ponce de Le&#xF3;n. -- Formas de arrendamiento de terrenos de cultivo en el departamento del Cuzco y el problema de distribuci&#xF3;n. -- Oscar Saldivar. -- Problema agrario econ&#xF3;mico del Cuzco.</subfield>
  </datafield>
  <datafield tag="650" ind1=" " ind2=" ">
    <subfield code="a">Intelectuales cusque&#xF1;os</subfield>
    <subfield code="9">46142</subfield>
  </datafield>
  <datafield tag="650" ind1=" " ind2=" ">
    <subfield code="a">Cusque&#xF1;os ilustres</subfield>
    <subfield code="9">46064</subfield>
  </datafield>
  <datafield tag="650" ind1=" " ind2=" ">
    <subfield code="a">Historia del Cusco</subfield>
    <subfield code="9">1714</subfield>
  </datafield>
  <datafield tag="650" ind1=" " ind2=" ">
    <subfield code="a">Antropolog&#xED;a cusque&#xF1;a</subfield>
    <subfield code="9">45862</subfield>
  </datafield>
  <datafield tag="650" ind1=" " ind2=" ">
    <subfield code="a">Templos coloniales</subfield>
    <subfield code="9">45765</subfield>
  </datafield>
  <datafield tag="650" ind1=" " ind2=" ">
    <subfield code="a">Folklore</subfield>
    <subfield code="9">46787</subfield>
  </datafield>
  <datafield tag="650" ind1=" " ind2=" ">
    <subfield code="a">Agricultura</subfield>
    <subfield code="9">320</subfield>
  </datafield>
  <datafield tag="700" ind1=" " ind2=" ">
    <subfield code="a">Lorena, Antonio</subfield>
    <subfield code="9">45873</subfield>
  </datafield>
  <datafield tag="700" ind1=" " ind2=" ">
    <subfield code="a">Herrera, Fortunato L</subfield>
    <subfield code="9">31237</subfield>
  </datafield>
  <datafield tag="700" ind1=" " ind2=" ">
    <subfield code="a">Corasao, Miguel</subfield>
    <subfield code="9">46788</subfield>
  </datafield>
  <datafield tag="700" ind1=" " ind2=" ">
    <subfield code="a">Valc&#xE1;rcel, Luis E</subfield>
    <subfield code="9">628</subfield>
  </datafield>
  <datafield tag="700" ind1=" " ind2=" ">
    <subfield code="a">Cosio, Jos&#xE9; Gabriel</subfield>
    <subfield code="9">11720</subfield>
  </datafield>
  <datafield tag="700" ind1=" " ind2=" ">
    <subfield code="a">Garc&#xED;a, Jos&#xE9; Uriel</subfield>
    <subfield code="9">3684</subfield>
  </datafield>
  <datafield tag="700" ind1=" " ind2=" ">
    <subfield code="a">Ponce de Le&#xF3;n, Francisco</subfield>
    <subfield code="9">29819</subfield>
  </datafield>
  <datafield tag="700" ind1=" " ind2=" ">
    <subfield code="a">Sald&#xED;var, Oscar</subfield>
    <subfield code="9">46789</subfield>
  </datafield>
  <datafield tag="942" ind1=" " ind2=" ">
    <subfield code="2">ddc</subfield>
    <subfield code="c">PP</subfield>
  </datafield>
  <datafield tag="945" ind1=" " ind2=" ">
    <subfield code="a">rac</subfield>
  </datafield>
  <datafield tag="952" ind1=" " ind2=" ">
    <subfield code="0">0</subfield>
    <subfield code="2">ddc</subfield>
    <subfield code="4">0</subfield>
    <subfield code="7">0</subfield>
    <subfield code="a">HEM</subfield>
    <subfield code="b">HEM</subfield>
    <subfield code="c">CART</subfield>
    <subfield code="d">2021-10-14</subfield>
    <subfield code="g">10.00</subfield>
    <subfield code="o">Rev.MA/N&#xB0;3/2000</subfield>
    <subfield code="p">REVC000422</subfield>
    <subfield code="r">2021-10-14</subfield>
    <subfield code="y">PP</subfield>
  </datafield>
  <datafield tag="952" ind1=" " ind2=" ">
    <subfield code="0">0</subfield>
    <subfield code="2">ddc</subfield>
    <subfield code="4">0</subfield>
    <subfield code="7">0</subfield>
    <subfield code="a">HEM</subfield>
    <subfield code="b">HEM</subfield>
    <subfield code="c">CART</subfield>
    <subfield code="d">2021-10-14</subfield>
    <subfield code="g">10.00</subfield>
    <subfield code="o">Rev.MA/N&#xB0;3/2000/e.2</subfield>
    <subfield code="p">REVC000423</subfield>
    <subfield code="r">2021-10-14</subfield>
    <subfield code="y">PP</subfield>
  </datafield>
  <datafield tag="952" ind1=" " ind2=" ">
    <subfield code="0">0</subfield>
    <subfield code="2">ddc</subfield>
    <subfield code="4">0</subfield>
    <subfield code="7">0</subfield>
    <subfield code="a">HEM</subfield>
    <subfield code="b">HEM</subfield>
    <subfield code="c">CART</subfield>
    <subfield code="d">2021-10-14</subfield>
    <subfield code="g">10.00</subfield>
    <subfield code="o">Rev.MA/N&#xB0;3/2000/e.3</subfield>
    <subfield code="p">REVC000424</subfield>
    <subfield code="r">2021-10-14</subfield>
    <subfield code="y">PP</subfield>
  </datafield>
</record>
